[Event "ICS rated blitz match"]
[Site "207.99.83.229"]
[Date "1999.05.26"]
[Round "?"]
[White "Hossa"]
[Black "LittleD"]
[Result "1-0"]
[WhiteElo "2451"]
[BlackElo "2090"]
[PlyCount "145"]

1. e4 e5 2. f4 Bc5 3. Nf3 d6 4. b4 Bxb4 5. Bc4 Nf6 6. fxe5 dxe5 7. Bb2 Nc6 8.
Nxe5 Nxe5 9. Bxe5 Qe7 10. Bd4 Qxe4+ 11. Qe2 Qxe2+ 12. Bxe2 Be7 13. Nc3 O-O 14.
O-O Be6 15. Be5 c6 16. Rab1 b6 17. Rbe1 Rad8 18. d3 Bd6 19. Bxf6 gxf6 20. Ne4
Kg7 21. Nxd6 Rxd6 22. a3 Bd5 23. Rf4 c5 24. d4 Re6 25. Rg4+ Kh8 26. dxc5 Rfe8
27. c4 Bc6 28. cxb6 axb6 29. Kf2 Re4 30. Rxe4 Rxe4 31. Rb1 Rh4 32. Rxb6 Bd7 33.
Rxf6 Be6 34. Kg3 Re4 35. Bd3 Rd4 36. Bf1 Kg7 37. Rf4 Rd2 38. Kh4 Ra2 39. Rf3
Rc2 40. Bd3 Rc3 41. Be2 Rxf3 42. gxf3 Kf6 43. f4 Kf5 44. Kg3 Ke4 45. a4 Kd4 46.
a5 Kc5 47. h4 Bc8 48. Kf3 f6 49. Bd3 h6 50. Ke4 Kb4 51. Kd5 Kxa5 52. c5 Kb4 53.
Bg6 Kb5 54. Kd6 Bb7 55. Bd3+ Ka5 56. Bf5 Kb5 57. Bd7+ Ka5 58. Ke6 Kb4 59. c6
Ba6 60. c7 Bc4+ 61. Kxf6 Ba6 62. c8=Q Bxc8 63. Bxc8 Kc4 64. Be6+ Kd4 65. Kg7
Ke4 66. Kxh6 Kxf4 67. Kg6 Ke5 68. Bh3 Kd5 69. h5 Kd6 70. h6 Ke7 71. h7 Kf8 72.
Kf6 Ke8 73. h8=Q# {LittleD checkmated} 1-0

[Event "ICS rated blitz match"]
[Site "207.99.83.229"]
[Date "1999.05.26"]
[Round "?"]
[White "Hossa"]
[Black "SuperChicken"]
[Result "0-1"]
[WhiteElo "2455"]
[BlackElo "2785"]
[PlyCount "154"]

1. e4 e5 2. f4 exf4 3. d4 Qh4+ 4. Kd2 Nf6 5. Qe2 Rg8 6. c3 Nc6 7. Nf3 Qg4 8.
Kc2 Be7 9. d5 Nd8 10. c4 Bc5 11. e5 Nh5 12. Nc3 Qg6+ 13. Qd3 d6 14. Qxg6 hxg6
15. Nb5 Bf5+ 16. Kb3 Kd7 17. exd6 cxd6 18. Bd2 Re8 19. Re1 Rxe1 20. Bxe1 Nf6
21. Bd2 a5 22. a4 Be3 23. Bc3 Be4 24. Ng5 Bb1 25. Be2 Bf5 26. Bf3 Ra6 27. Re1
Bf2 28. Re2 Bh4 29. Bxf6 gxf6 30. Ne4 Bxe4 31. Rxe4 Bg5 32. Re2 f5 33. Kc3 Bf6+
34. Kd3 b6 35. b3 Nb7 36. Kd2 Ra8 37. Kd1 Rh8 38. h3 Nc5 39. Kc2 g5 40. Re1 Rh4
41. Be2 g4 42. hxg4 fxg4 43. Rf1 g3 44. Na7 Be5 45. Nc6 Rh2 46. Bf3 f5 47. Nb8+
Kc7 48. Nc6 Ne4 49. Kd3 Ng5 50. Ke2 Kd7 51. Nb8+ Ke7 52. Nc6+ Kf6 53. Nb8 Bd4
54. Nc6 Bc5 55. Nb8 Be3 56. Nd7+ Kf7 57. Nb8 Ne4 58. Ra1 Nd2 59. Nc6 Kf6 60.
Ra2 Nxb3 61. Ra3 Nc1+ 62. Kd1 Rh1+ 63. Kc2 Rf1 64. Bd1 Rf2+ 65. Kb1 Rxg2 66. c5
Rd2 67. Bf3 dxc5 68. Rc3 g2 69. Bxg2 Rxg2 70. Rxc1 Bxc1 71. d6 f3 72. d7 Rg8
73. Nb4 axb4 74. Kxc1 f2 75. Kd2 f1=Q 76. Ke3 f4+ 77. Kd2 77... Rg2# {
Hossa checkmated} 0-1

[Event "ICS rated blitz match"]
[Site "207.99.83.229"]
[Date "1999.05.26"]
[Round "?"]
[White "SuperChicken"]
[Black "Hossa"]
[Result "1-0"]
[WhiteElo "2789"]
[BlackElo "2451"]
[PlyCount "147"]

1. e4 e5 2. Nf3 Nf6 3. d4 Nxe4 4. Bd3 d5 5. Nxe5 Bd6 6. O-O O-O 7. c4 Bxe5 8.
dxe5 Nc6 9. cxd5 Qxd5 10. Qc2 Nb4 11. Bxe4 Nxc2 12. Bxd5 Bf5 13. g4 Bxg4 14.
Be4 Nxa1 15. Bf4 f6 16. Nd2 fxe5 17. Be3 Nb3 18. Bd5+ Kh8 19. Nxb3 c6 20. Bc4
b6 21. Nd2 Bh3 22. Rc1 Rad8 23. f3 Rd7 24. Kf2 c5 25. Ke2 Rfd8 26. Ne4 Bf5 27.
Re1 Rf8 28. a3 Bg6 29. a4 Bh5 30. Rf1 Rdd8 31. Ng5 Rf6 32. h4 a5 33. Ne4 Rff8
34. Ng5 Rd6 35. b3 Bg6 36. Rg1 Rff6 37. Ne4 Bxe4 38. fxe4 Rg6 39. Rf1 Rg2+ 40.
Kf3 Rdg6 41. Bg5 R6xg5 42. hxg5 Rxg5 43. Rd1 h5 44. Rd8+ Kh7 45. Rb8 h4 46.
Bg8+ Kh6 47. Rxb6+ Kh5 48. Be6 Rg1 49. Rb5 Rf1+ 50. Ke3 Rf6 51. Bd7 Rd6 52.
Be8+ g6 53. Rxa5 Re6 54. Bb5 Kg5 55. Ra7 Rf6 56. Re7 Kg4 57. Be2+ Kg3 58. Rxe5
h3 59. Rg5+ Kh4 60. Rg4+ Kh5 61. Rf4+ Kg5 62. Rxf6 Kxf6 63. a5 g5 64. Kf3 Ke5
65. a6 h2 66. Kg2 Kxe4 67. Kxh2 Ke3 68. Bc4 Kf3 69. a7 Kg4 70. a8=Q Kf5 71.
Qd5+ Kf4 72. Qd6+ Ke4 73. Kg3 Kf5 74. Bd3# {Hossa checkmated} 1-0

[Event "ICS rated blitz match"]
[Site "207.99.83.229"]
[Date "1999.05.26"]
[Round "?"]
[White "Hossa"]
[Black "RETI"]
[Result "1-0"]
[WhiteElo "2447"]
[BlackElo "2361"]
[PlyCount "79"]

1. e4 e6 2. Nf3 c5 3. Nc3 Nc6 4. Bb5 Nge7 5. O-O a6 6. Bxc6 Nxc6 7. d4 cxd4 8.
Nxd4 d6 9. Nxc6 bxc6 10. Qg4 Qf6 11. Bg5 Qe5 12. Rad1 Rb8 13. Bc1 g5 14. Kh1 c5
15. a4 Bd7 16. Qe2 Rb6 17. a5 Bb5 18. Qe1 Rb7 19. f4 gxf4 20. Bxf4 Qg7 21. Nxb5
Rg8 22. Nxd6+ Bxd6 23. Qd2 Be7 24. b3 Bh4 25. Bg3 Be7 26. Qd3 Ra7 27. e5 Bh4
28. Qd6 f6 29. Qb8+ Kf7 30. Qxa7+ Kg6 31. Rd7 Kh6 32. Rxg7 Rxg7 33. Qxa6 Rg6
34. Bxh4 f5 35. Bf6 Rg4 36. Qxe6 Rg6 37. Rxf5 Rg4 38. Qf7 Rg6 39. Qf8+ Rg7 40.
Qxg7# {RETI checkmated} 1-0

[Event "ICS rated standard match"]
[Site "207.99.83.229"]
[Date "1999.05.27"]
[Round "?"]
[White "Hossa"]
[Black "Nothing"]
[Result "0-1"]
[WhiteElo "2259"]
[BlackElo "1989"]
[PlyCount "51"]

1. e4 d6 2. f4 Nf6 3. Nc3 Nbd7 4. Nf3 e5 5. Bc4 Be7 6. Ng5 O-O 7. Bxf7+ Rxf7 8.
Ne6 Qe8 9. Nxc7 Qd8 10. Nxa8 Nc5 11. d4 Bg4 12. Qd2 Ncxe4 13. Nxe4 Nxe4 14. Qd3
Bh4+ 15. g3 exf4 16. O-O Nxg3 17. hxg3 Bxg3 18. Qe4 Qh4 19. Qh1 Bh3 20. Rf3 g5
21. a4 g4 22. Raa3 gxf3 23. Qxh3 Qxh3 24. Rxf3 Rg7 25. Bxf4 Bxf4+ 26. Kf2 {
Hossa resigns} 0-1

[Event "ICS Rated standard match"]
[Site "207.99.83.229"]
[Date "1999.05.27"]
[Round "?"]
[White "Hossa"]
[Black "Mofongo"]
[Result "0-1"]
[WhiteElo "2234"]
[BlackElo "2651"]
[PlyCount "100"]

1. e4 e5 2. f4 exf4 3. Kf2 Nf6 4. Nc3 Nc6 5. d4 Bb4 6. Nge2 Ng4+ 7. Kf3 Qh4 8.
g3 Nxh2+ 9. Rxh2 Qxh2 10. Bxf4 d6 11. Nd5 Ba5 12. c3 Bd7 13. b4 Bb6 14. a4 f5
15. a5 fxe4+ 16. Ke3 Qh5 17. Qb3 Qf3+ 18. Kd2 Qd3+ 19. Ke1 Bxa5 20. bxa5 O-O-O
21. Ne7+ Nxe7 22. Ng1 Bb5 23. Bxd3 Bxd3 24. Qf7 Ng6 25. Nh3 Rd7 26. Qe6 Rf8 27.
Ra2 e3 28. a6 bxa6 29. Bxe3 Bf5 30. Qc4 Bxh3 31. Qxa6+ Kd8 32. Bg5+ Ke8 33.
Qe2+ Kf7 34. Qh5 Bf5 35. Rxa7 Kg8 36. Be3 Re7 37. Kd2 Be4 38. Qh3 Rf3 39. Bg5
Rd3+ 40. Kc1 Rxc3+ 41. Kb2 Rc2+ 42. Kb3 Re8 43. Bd8 Bg2 44. Qg4 Ree2 45. Qg5
Ne5 46. Rxc7 Bd5+ 47. Kb4 Rb2+ 48. Ka4 Ra2+ 49. Kb4 Reb2+ 50. Kc3 50... Rb3# {
Hossa checkmated} 0-1

[Event "ICS Rated blitz match"]
[Site "207.99.83.229"]
[Date "1999.05.27"]
[Round "?"]
[White "Wannabe"]
[Black "Hossa"]
[Result "0-1"]
[WhiteElo "2272"]
[BlackElo "2459"]
[PlyCount "46"]

1. e4 d6 2. Nf3 Nf6 3. Nc3 e5 4. d4 exd4 5. Nxd4 Be7 6. Bc4 Nbd7 7. Be3 O-O 8.
Bb3 Nc5 9. f3 Nxb3 10. Nxb3 Nd7 11. Qd2 Bh4+ 12. g3 Ne5 13. Rf1 Bh3 14. Rf2 Bf6
15. O-O-O Re8 16. Qe2 c6 17. f4 Bg4 18. Qd2 Nc4 19. Qe1 Bxd1 20. Kxd1 Qe7 21.
Kc1 Bxc3 22. Qxc3 Qxe4 23. Bd2 23... Qh1+ {Wannabe resigns} 0-1

[Event "ICS rated standard match"]
[Site "207.99.83.229"]
[Date "1999.05.27"]
[Round "?"]
[White "Pinhead"]
[Black "Hossa"]
[Result "0-1"]
[WhiteElo "1939"]
[BlackElo "2231"]
[PlyCount "166"]

1. e4 d6 2. d4 g6 3. f4 Bg7 4. Nf3 Nf6 5. Nc3 O-O 6. e5 Ng4 7. h3 Nh6 8. Be3
Nf5 9. Bf2 Nc6 10. g4 Nh6 11. Bc4 Na5 12. Bd3 Nc6 13. d5 Nb4 14. Qe2 dxe5 15.
fxe5 Nxd5 16. Nxd5 Qxd5 17. Bc4 Qa5+ 18. c3 Be6 19. Bxe6 fxe6 20. Bd4 Rad8 21.
O-O c5 22. Be3 Nf7 23. Bf4 Rd7 24. a3 a6 25. b4 Qc7 26. Rae1 cxb4 27. cxb4 Qc3
28. Bc1 Nxe5 29. Nxe5 Qg3+ 30. Qg2 Rxf1+ 31. Kxf1 Bxe5 32. Qxg3 Bxg3 33. Rxe6
Rd1+ 34. Kg2 Rxc1 35. Kxg3 Rc3+ 36. Kh4 Kf7 37. Rb6 h6 38. g5 hxg5+ 39. Kxg5
Rxh3 40. a4 Ra3 41. a5 Rf3 42. Rxb7 Rc3 43. Rb6 Rc4 44. Rb7 Re4 45. Rb6 Rd4 46.
Rb7 Rd5+ 47. Kg4 Ke6 48. Rb6+ Rd6 49. b5 axb5 50. Rxb5 Rd1 51. Rb6+ Kf7 52. a6
Rd4+ 53. Kg5 Ra4 54. Rxg6 e6 55. Rh6 Ra5+ 56. Kf4 Rxa6 57. Ke5 Ra5+ 58. Ke4 Ke7
59. Rh7+ Kd6 60. Rh6 Ra1 61. Rg6 Rb1 62. Rh6 Re1+ 63. Kd4 Re2 64. Rg6 Rh2 65.
Ke4 Rh1 66. Kd4 Rd1+ 67. Ke4 Re1+ 68. Kd4 Rh1 69. Ke4 Ra1 70. Kd4 Ra4+ 71. Ke3
Kd5 72. Rg8 Ra3+ 73. Kd2 e5 74. Rd8+ Ke4 75. Ke2 Ra2+ 76. Kf1 Ke3 77. Rd1 e4
78. Re1+ Kf3 79. Kg1 e3 80. Rf1+ Rf2 81. Ra1 Rg2+ 82. Kh1 Rg4 83. Ra3 83... Kf2
{Pinhead resigns} 0-1

[Event "ICS rated blitz match"]
[Site "207.99.83.229"]
[Date "1999.05.27"]
[Round "?"]
[White "Quaestor"]
[Black "Hossa"]
[Result "1-0"]
[WhiteElo "2765"]
[BlackElo "2470"]
[PlyCount "181"]

1. e4 d6 2. d4 g6 3. c4 Nc6 4. Nf3 Bg7 5. d5 Ne5 6. Nxe5 Bxe5 7. Be2 Bg7 8. O-O
Nf6 9. Nc3 O-O 10. Be3 e6 11. dxe6 fxe6 12. f4 Nd7 13. Qd2 Qe7 14. Nb5 Nf6 15.
e5 Ne4 16. Qd3 a6 17. Nxc7 Qxc7 18. Qxe4 dxe5 19. Rab1 exf4 20. Bxf4 e5 21. Be3
Bf5 22. Qd5+ Kh8 23. Rbd1 Rad8 24. Qc5 Qxc5 25. Bxc5 Rxd1 26. Rxd1 Re8 27. Be3
e4 28. Rd6 Be5 29. Rb6 Re7 30. c5 Be6 31. a4 Bd5 32. b4 Bc7 33. Rf6 Be5 34. Rf1
Bb3 35. a5 Bc2 36. Bg5 Bd4+ 37. Kh1 Rc7 38. Bc4 Kg7 39. Bf4 Rd7 40. c6 bxc6 41.
Bxa6 Bc3 42. Bc8 Rd8 43. Bb7 Bd3 44. Rc1 Bxb4 45. a6 Ba3 46. Be5+ Kh6 47. Ra1
Bc5 48. a7 Bxa7 49. Rxa7 Ba6 50. Kg1 Bxb7 51. Rxb7 g5 52. Rc7 Kg6 53. Rxc6+ Kf5
54. Rc5 Rd1+ 55. Kf2 Rd2+ 56. Kf1 Kg6 57. Bg3 Kf6 58. Re5 Rd4 59. Ke2 Rc4 60.
Rd5 h5 61. Be1 h4 62. Bd2 Rc2 63. Ke3 Rc4 64. Rd4 Rc6 65. Kxe4 Re6+ 66. Kf3 Rc6
67. Rd5 Rc4 68. Bxg5+ Ke6 69. Ra5 Rd4 70. Bf4 Rd1 71. Rh5 Rf1+ 72. Ke3 Rh1 73.
Rxh4 Kd5 74. Rh5+ Kc4 75. h4 Rd1 76. g4 Rg1 77. Kf3 Rf1+ 78. Ke4 Rg1 79. g5 Kb5
80. Rh7 Kc4 81. h5 Re1+ 82. Kf5 Rf1 83. h6 Rh1 84. Rc7+ Kd5 85. g6 Rh5+ 86. Kg4
Rxh6 87. Bxh6 Kd4 88. g7 Kd3 89. g8=Q Ke4 90. Bf4 Kd4 91. Qc4# {
Hossa checkmated} 1-0

[Event "ICS rated standard match"]
[Site "207.99.83.229"]
[Date "1999.05.27"]
[Round "?"]
[White "Hossa"]
[Black "postal"]
[Result "1-0"]
[WhiteElo "2236"]
[BlackElo "1971"]
[PlyCount "34"]

1. e4 c5 2. Nf3 Nc6 3. d4 cxd4 4. Nxd4 a6 5. Nxc6 bxc6 6. Bd3 e6 7. O-O Nf6 8.
e5 Nd5 9. Qh5 Bc5 10. c4 Nb4 11. Be4 a5 12. Nc3 Ba6 13. a3 Bxc4 14. axb4 Bxf1
15. bxc5 Bc4 16. Bc2 Qe7 17. Qg4 17... g6 {postal resigns} 1-0

[Event "ICS rated blitz match"]
[Site "207.99.83.229"]
[Date "1999.05.27"]
[Round "?"]
[White "RockyMtnHigh"]
[Black "Hossa"]
[Result "1-0"]
[WhiteElo "2795"]
[BlackElo "2469"]
[PlyCount "149"]

1. e4 e5 2. Nf3 Nf6 3. d4 Nxe4 4. Bd3 d5 5. Nxe5 Bd6 6. O-O O-O 7. Nd2 Nxd2 8.
Bxd2 Qh4 9. Nf3 Qh5 10. Ne5 Qh4 11. Bc3 Nd7 12. Nf3 Qh5 13. Qd2 Nf6 14. Rae1
Bg4 15. Ne5 Rae8 16. Qf4 Re7 17. Re3 Rfe8 18. Rg3 Kh8 19. Re1 Be6 20. Rg5 Qh6
21. Bf5 Nd7 22. Bxe6 Bxe5 23. dxe5 fxe6 24. Bd2 Rf8 25. Qa4 Ref7 26. Re2 Nc5
27. Qb4 b6 28. f3 Kg8 29. Be3 a5 30. Qd4 a4 31. b4 axb3 32. axb3 Ne4 33. Rf5
Qg6 34. Rxf7 Qxf7 35. c4 Nc5 36. cxd5 exd5 37. b4 Nd7 38. Rd2 Re8 39. f4 c6 40.
b5 Re6 41. bxc6 Rxc6 42. Qxd5 Qxd5 43. Rxd5 Nc5 44. Rd8+ Kf7 45. f5 Ke7 46.
Bg5+ Kf7 47. e6+ Nxe6 48. Rd7+ Kf8 49. fxe6 Rxe6 50. Rb7 Re1+ 51. Kf2 Re5 52.
Bf4 Rb5 53. g4 h6 54. Bc7 Rb2+ 55. Ke3 b5 56. Be5 Rb3+ 57. Kf4 g6 58. Bg7+ Ke8
59. Bxh6 Rb2 60. Kg5 Kd8 61. h4 Kc8 62. Rb6 b4 63. Kxg6 Kc7 64. Bg7 Rb1 65. Bd4
b3 66. h5 Rd1 67. Rb4 Re1 68. h6 Re6+ 69. Bf6 Re1 70. h7 b2 71. h8=Q Rd1 72.
Qb8+ Kc6 73. Rb6+ Kc5 74. Qc7+ Kd5 75. Qc6# {Hossa checkmated} 1-0

[Event "ICS rated blitz match"]
[Site "207.99.83.229"]
[Date "1999.05.27"]
[Round "?"]
[White "Hossa"]
[Black "sjonnie"]
[Result "1-0"]
[WhiteElo "2465"]
[BlackElo "2177"]
[PlyCount "91"]

1. e4 c5 2. Nf3 Nc6 3. d4 cxd4 4. Nxd4 Nf6 5. Nc3 d6 6. Bg5 e6 7. Bb5 Bd7 8.
O-O Be7 9. Nb3 a6 10. Be2 Qc7 11. Qd2 O-O 12. Rad1 Rfd8 13. Bxf6 Bxf6 14. Qxd6
Qxd6 15. Rxd6 Be5 16. Rd2 Bf4 17. Rdd1 Nb4 18. a3 Nxc2 19. Bd3 Nxa3 20. bxa3
Rac8 21. Ne2 Bd6 22. Na5 Bxa3 23. Nxb7 Rf8 24. Bxa6 Bc6 25. Na5 Rc7 26. Nxc6
Rxc6 27. Bd3 g6 28. Nd4 Rd6 29. Nb5 Ra6 30. Ra1 Rfa8 31. Nc7 Ra5 32. Nxa8 Rxa8
33. Ra2 Rd8 34. Rxa3 Kg7 35. g3 Kf6 36. Bb5 h5 37. Re3 Rd7 38. Bxd7 Kg7 39. f4
Kf6 40. e5+ Ke7 41. Bc8 Kf8 42. Rb3 Kg7 43. h4 g5 44. fxg5 Kg6 45. Rb7 Kg7 46.
Rfxf7+ {sjonnie resigns} 1-0

[Event "ICS rated blitz match"]
[Site "207.99.83.229"]
[Date "1999.05.27"]
[Round "?"]
[White "Quaestor"]
[Black "Hossa"]
[Result "1-0"]
[WhiteElo "2753"]
[BlackElo "2470"]
[PlyCount "102"]

1. d4 Nf6 2. c4 e6 3. Nc3 Bb4 4. e3 Ne4 5. Qc2 d5 6. Bd3 Nf6 7. Nge2 dxc4 8.
Bxc4 O-O 9. O-O Nc6 10. Qa4 Qd6 11. Nb5 Qe7 12. Rd1 a6 13. a3 Ba5 14. Nbc3 b5
15. Nxb5 axb5 16. Bxb5 Nb8 17. b4 Ng4 18. h3 Nf6 19. bxa5 Ne4 20. Bd3 Bb7 21.
Rb1 Bd5 22. f3 Nf6 23. e4 Bc6 24. Qb4 Qd8 25. Bg5 h6 26. Bf4 Nh5 27. Bh2 Nf6
28. Rdc1 Nfd7 29. Qd2 Ra7 30. a6 Qh4 31. Qe3 Nb6 32. Bxc7 Rxc7 33. Rxb6 Qe7 34.
Qf4 Qd8 35. Rc5 e5 36. Qxe5 Nd7 37. Qxc7 Qxc7 38. Rbxc6 Qb8 39. Rb5 Qd8 40. a7
Qe8 41. Rc7 Qe6 42. Bc4 Qd6 43. Rbb7 Nb6 44. Rxf7 Rxf7 45. Bxf7+ Kf8 46. Bd5
Qxa3 47. Rb8+ Ke7 48. Rxb6 Qa1+ 49. Kf2 Qxa7 50. Rb7+ Qxb7 51. Bxb7 51... g5 {
Hossa resigns} 1-0

[Event "ICS Rated blitz match"]
[Site "207.99.83.229"]
[Date "1999.05.27"]
[Round "?"]
[White "Hossa"]
[Black "Quaestor"]
[Result "0-1"]
[WhiteElo "2465"]
[BlackElo "2759"]
[PlyCount "95"]

1. e4 e6 2. Nf3 d5 3. exd5 exd5 4. d4 Nf6 5. Bg5 Be7 6. Bd3 O-O 7. O-O Bg4 8.
Nbd2 Nbd7 9. Qe2 Re8 10. Rae1 c6 11. h3 Bxf3 12. Qxf3 Qb6 13. Nb3 a5 14. Bf5
Bd6 15. Bxd7 Nxd7 16. Qg4 Qc7 17. Bh6 g6 18. Nd2 Kh8 19. Kh1 f5 20. Qh4 Qb6 21.
b3 Qb4 22. c4 b5 23. cxb5 cxb5 24. Nf3 Re4 25. Rxe4 fxe4 26. Ne5 Be7 27. Qg3
Nf6 28. Nxg6+ hxg6 29. Qxg6 Rg8 30. Qf7 Bd8 31. Qa7 Qa3 32. Qa6 Qb2 33. Qxb5
Qxd4 34. Qe2 Qe5 35. Rc1 d4 36. Rc6 Qe8 37. Rc5 Qg6 38. Bg5 Nh7 39. h4 Bxg5 40.
hxg5 Nxg5 41. Rxg5 Qxg5 42. Qxe4 d3 43. Qf3 Qxg2+ 44. Qxg2 Rxg2 45. Kxg2 d2 46.
Kg3 d1=Q 47. f4 Kg7 48. Kh4 {Hossa resigns} 0-1

[Event "ICS Rated blitz match"]
[Site "207.99.83.229"]
[Date "1999.05.27"]
[Round "?"]
[White "Quaestor"]
[Black "Hossa"]
[Result "1-0"]
[WhiteElo "2764"]
[BlackElo "2460"]
[Annotator "Fritz 5.32 (22s)"]
[PlyCount "153"]

1. d4 1... d5 {Opening = D35 - 3.Nc3 Nf6(4.cd5 ed5 5.Bg5 c6 6.---)} 2. c4 e6 3.
Nc3 Nf6 4. Bg5 Nbd7 5. cxd5 exd5 6. e3 Be7 7. Bd3 O-O 8. Nf3 h6 9. Bh4 c5 (9...
Re8 10. O-O Nf8 11. Rc1 11... c6 {- Szabo,Z-Czebe,A/FS 1995 (11)}) 10. O-O b6 (
10... Re8 11. Rc1 b6 12. Bb5 Rf8 13. Bc6 Rb8 14. Bg3 Bb7 15. Bxb8 Bxc6 16. Ne5
Nxb8 17. Nxc6 Nxc6 18. dxc5 bxc5 19. Qa4 Qb6 20. Rfd1 Rd8 21. b3 d4 22. exd4
Rxd4 23. Rxd4 Nxd4 24. Re1 Bd6 25. Qc4 Qc7 26. h3 Qc6 27. Rd1 Qe8 28. Kf1 Qe5
29. Ne2 Nf5 30. Qd3 Ne4 31. Qd5 Qxd5 32. Rxd5 Ne7 33. Rd3 Nc8 34. f3 Nf6 35.
Nc3 Kf8 36. Na4 Ke7 37. Rc3 Nd5 38. Rc1 Nb4 39. Nxc5 Nxa2 40. Re1+ Kd8 41. Ne4
Be7 42. Ra1 Nb4 43. Rd1+ Kc7 44. Ke2 {
- De Coverly Roger-Johnson P/It (open), Isle of Man (Great Britain) 1995 (44)})
11. Bf5 $146 (11. Rc1 Bb7 12. dxc5 bxc5 13. Bf5 (13. Qa4 d4 14. exd4 Bxf3 15.
gxf3 Nb6 16. Qd1 cxd4 17. Ne2 Nfd5 18. Bg3 f5 19. Bb1 Bf6 20. Qd3 Ne7 21. Rfd1
Rc8 22. Bc2 Kh8 23. Bb3 Nbd5 24. a3 Qd7 25. Bc2 Nb6 26. Nf4 Nc4 27. Rb1 Ne5 28.
Qe2 Qc6 29. Bd3 Nxf3+ 30. Kg2 Ne1+ 31. Kg1 Nxd3 32. Nxd3 Qc2 33. Qxc2 Rxc2 34.
Nf4 Kh7 35. Ne6 Re8 36. Nxd4 36... Rcc8 {
0-1 Saritha N-Roychowdhury B/It (open), Calcutta (India) 1994 (36)}) 13... g6
14. Bb1 Rc8 15. Bg3 Qb6 16. Ne5 Nxe5 17. Bxe5 Qe6 18. Bg3 Rfd8 19. Qb3 Bc6 20.
Rfd1 Bd6 21. Ne2 Ng4 22. Nf4 Qf6 23. h3 Rb8 24. Qc3 d4 25. Qe1 25... dxe3 {
Sharif M Z-Abu Chmala R/Ol, Dubai 1986/0-1 (40)}) 11... g6 12. Bd3 Bb7 13. Qc2
Qe8 14. Nb5 14... c4 {Schwarz erobert Raum} 15. Be2 Qd8 16. Bxf6 Nxf6 17. Ne5
Ne4 18. Bf3 18... Nd6 $14 (18... Ng5 19. Nxg6 fxg6 20. Qxg6+ Kh8 21. Qxh6+ Nh7
22. Nc3 $11) 19. Nc3 Nf5 20. Nxc4 Nh4 21. Nd2 Nxf3+ 22. Nxf3 Rc8 23. Qd3 Re8
24. Ne2 Bd6 25. Rac1 Qd7 26. Rxc8 Rxc8 27. Nc3 Qg4 28. Qb5 Qf5 29. Re1 Bb8 (
29... Qe6 30. Qb3 $14) 30. Rc1 $14 (30. e4 dxe4 31. Qxf5 gxf5 32. Nh4 $14)
30... Rc6 $16 (30... Bd6 31. Qb3 $16) 31. Rd1 Rc8 32. Re1 (32. e4 dxe4 33. Qxf5
33... gxf5 $14) 32... Qe6 33. Qd3 Bd6 34. Qd2 {Weiss geht zum Angriff ueber}
34... Qg4 35. h3 Qf5 36. Nh2 Bb8 37. Ng4 Qg5 38. Rc1 Rc6 (38... Bc7 39. Rc2 $16
) 39. Qd3 (39. f4 $5 39... Qh4 40. Nxd5 Rxc1+ 41. Qxc1 Bxd5 42. Qc8+ Kh7 43.
Qxb8 $16) 39... Kh8 (39... a6 40. Qd2 $16) 40. f4 Qh4 41. Ne5 Bxe5 42. fxe5 Kg8
43. Rf1 Re6 44. Qe2 Qd8 45. Qf3 Qd7 46. Qf4 g5 47. Qg4 a5 48. h4 Qe7 49. Qf3
Qd7 (49... gxh4 50. Nxd5 Bxd5 51. Qxd5 $18) 50. hxg5 hxg5 51. Qg4 Qe7 (51... b5
52. Rf6 $18) 52. Rf6 Rxf6 (52... Kf8 53. Qh5 Ke8 54. Rxe6 Qxe6 55. Nb5 $18) 53.
Qxg5+ $1 {das war die Absicht. Weiss erhaelt Koenigsangriff} (53. exf6 $6 {
bringt nichts} 53... Qxf6 54. Qd7 Qc6 55. Qd8+ Kh7 56. Qxg5 56... b5 $16) 53...
Kf8 (53... Kh7 {ist noch eine duenne Chance} 54. exf6 Qf8 55. Qh5+ 55... Kg8
$18) 54. exf6 {Droht Matt: fxe7} (54. Qxf6 $6 54... Qxf6 55. exf6 55... Ke8 $18
) 54... Qd6 (54... Qd8 {nuetzt auch nichts mehr} 55. Qg7+ Ke8 56. Qg8+ Kd7 57.
Qxf7+ Kd6 58. Nb5+ Kc6 59. a4 $18) 55. Nb5 {Droht Matt} 55... Qd8 56. Nc7 {
Mit der Mattdrohung Qg7} 56... Qxc7 57. Qg7+ Ke8 58. Qg8+ Kd7 59. Qxf7+ Kd8 60.
Qxc7+ Kxc7 61. f7 Bc6 62. f8=Q a4 (62... b5 {
kann das Vorangegangene nicht ungeschehen machen} 63. g4 $18) 63. Qe7+ Kb8 64.
Qd6+ Kb7 65. g4 a3 66. b3 Bb5 67. Qxd5+ Bc6 68. Qf7+ Kc8 69. g5 {Droht Matt}
69... Bb5 70. g6 {Mit der Mattdrohung g7} 70... Bd3 71. Qg8+ 71... Kb7 {
Weiss darf Schwarz nun nicht zu Bxg6 kommen lassen} 72. g7 Ka7 (72... Be4 {
aendert nichts mehr} 73. Qf7+ Ka6 74. g8=Q Bb7 75. Qd7 Bh1 76. Qc4+ Ka5 77.
Qdb5#) 73. Qf7+ Ka6 74. g8=Q Be4 75. Qb8 Bf3 (75... Kb5 {hilft auch nicht mehr}
76. Qc4+ Ka5 77. Qa7#) 76. Qfa7+ Kb5 77. Qa4# (77. Qbxb6#) 1-0

[Event "ICS Rated blitz match"]
[Site "207.99.83.229"]
[Date "1999.05.27"]
[Round "?"]
[White "Hossa"]
[Black "Quaestor"]
[Result "1-0"]
[WhiteElo "2455"]
[BlackElo "2769"]
[PlyCount "153"]

1. d4 e6 2. e4 d5 3. Nd2 c5 4. Ngf3 Nf6 5. exd5 Nxd5 6. Bb5+ Bd7 7. Bd3 cxd4 8.
Nxd4 Nc6 9. Nxc6 Bxc6 10. O-O Nb4 11. Bc4 Qg5 12. Nf3 Qg4 13. Be2 Rd8 14. Bd2
Bd6 15. c3 Bf4 16. Ne1 Qf5 17. Bg4 Qf6 18. Nf3 Bxd2 19. Nxd2 Qf4 20. g3 Qxd2
21. Qxd2 Rxd2 22. cxb4 h5 23. Bh3 h4 24. Bg2 Bxg2 25. Kxg2 Rxb2 26. a3 h3+ 27.
Kf3 Rh6 28. g4 g5 29. Kg3 Rb3+ 30. f3 Rf6 31. Rae1 Rxa3 32. Re5 Rf4 33. Rxg5
Rxb4 34. Kxh3 b5 35. Kg3 a5 36. Rg8+ Ke7 37. h4 e5 38. h5 e4 39. h6 Rxf3+ 40.
Rxf3 exf3 41. h7 f2 42. Kxf2 Rb2+ 43. Kg3 Rb3+ 44. Kh4 Rb1 45. Re8+ Kxe8 46.
h8=Q+ Ke7 47. Qa8 Kf6 48. Qxa5 Kg7 49. Qa2 Rh1+ 50. Kg3 Rg1+ 51. Kh3 Rh1+ 52.
Kg2 Rh4 53. Qb2+ Kh7 54. Qc2+ Kg7 55. Qf5 Rh6 56. Qxb5 Rg6 57. Qe5+ Kf8 58. Kf3
Re6 59. Qf5 Re1 60. Qc5+ Kg8 61. Qc8+ Kh7 62. g5 Rf1+ 63. Ke2 Ra1 64. Qc2+ Kg8
65. g6 Ra8 66. gxf7+ Kxf7 67. Qb3+ Kg6 68. Qg3+ Kh6 69. Qh3+ Kg6 70. Qg2+ Kf6
71. Qxa8 Ke5 72. Qc6 Kf4 73. Qe6 Kg3 74. Qe4 Kh2 75. Qg4 Kh1 76. Kf2 Kh2 77.
Qh4# {Quaestor checkmated} 1-0

[Event "ICS Rated blitz match"]
[Site "207.99.83.229"]
[Date "1999.05.27"]
[Round "?"]
[White "Amateur"]
[Black "Hossa"]
[Result "1/2-1/2"]
[WhiteElo "2491"]
[BlackElo "2482"]
[PlyCount "203"]

1. e4 e5 2. Nf3 Nf6 3. Nxe5 d6 4. Nf3 Nxe4 5. Qe2 Qe7 6. d3 Nf6 7. Bg5 Qxe2+ 8.
Bxe2 Be7 9. Nc3 O-O 10. O-O Re8 11. Nd4 d5 12. Bf3 Bd7 13. Rfe1 c6 14. Re2 Bd8
15. Rxe8+ Bxe8 16. Re1 Bd7 17. Nd1 Na6 18. a3 h6 19. Bh4 g5 20. Bg3 Bb6 21. c3
Nc5 22. Be2 Re8 23. Ne3 Na4 24. Nd1 Nc5 25. Kf1 Bg4 26. f3 Bd7 27. b3 Nh5 28.
Bd6 Ng7 29. Nf2 Nf5 30. Nxf5 Bxf5 31. b4 Na4 32. c4 Bd4 33. cxd5 cxd5 34. Nd1
Nb2 35. Nxb2 Bxb2 36. g4 Be6 37. Rb1 Bg7 38. Rc1 Rd8 39. Be7 Rd7 40. Rc8+ Kh7
41. Bc5 b6 42. Bf2 Bb2 43. a4 Be5 44. Kg2 Re7 45. Rd8 Bc7 46. Ra8 Bd6 47. b5
Kg6 48. Rg8+ Kh7 49. Ra8 Kg7 50. Bd1 f5 51. Rd8 Bc7 52. Bd4+ Kf7 53. Rh8 Kg6
54. Kh3 Bf4 55. Bb3 fxg4+ 56. fxg4 Bf7 57. Rc8 Re2 58. Rc2 Rxc2 59. Bxc2 Be6
60. Bf2 Kf6 61. d4 h5 62. Bd1 h4 63. Be1 Kf7 64. Bb4 Ke8 65. Bc2 Be3 66. Bd6
Bxd4 67. Bb8 Bc3 68. Bxa7 Ba5 69. Bb8 Kd8 70. Be5 Bd2 71. Bf5 Bf7 72. a5 Be8
73. axb6 Bxb5 74. Kg2 Ba6 75. Bd3 Bb7 76. Kf2 Ke7 77. Ke2 Bb4 78. Bd4 h3 79.
Kf3 Bd6 80. Bf1 Bxh2 81. Bxh3 Ba6 82. Kf2 Bf4 83. Bf1 Bc8 84. Kf3 Bb7 85. Bd3
Kd7 86. Ke2 Kc6 87. Bg6 Ba6+ 88. Kf3 Kb7 89. Bc2 Bc4 90. Bg6 Ba6 91. Be8 Bd3
92. Bd7 Bd2 93. Bf5 Bb5 94. Be6 Bc6 95. Ke2 Ba5 96. Ke3 Bxb6 97. Bxb6 Kxb6 98.
Kd4 Kc7 99. Bxd5 Bd7 100. Ke5 Bxg4 101. Kf6 Kd6 102. Kxg5 {
Game drawn because neither player has mating material} 1/2-1/2

[Event "ICS Rated blitz match"]
[Site "207.99.83.229"]
[Date "1999.05.27"]
[Round "?"]
[White "Hossa"]
[Black "Amateur"]
[Result "0-1"]
[WhiteElo "2482"]
[BlackElo "2491"]
[PlyCount "88"]

1. d4 d5 2. c4 e6 3. Nc3 c5 4. cxd5 exd5 5. Nf3 cxd4 6. Qa4+ Nc6 7. Nxd4 Bd7 8.
Nxd5 Nce7 9. Qb3 Nxd5 10. Qxd5 Bb4+ 11. Bd2 Bxd2+ 12. Kxd2 Qb6 13. Rb1 Ne7 14.
Qe5 f6 15. Qh5+ g6 16. Qh4 Qa5+ 17. Ke3 Qxa2 18. Qe4 O-O 19. Kf4 g5+ 20. Kf3
Nc6 21. Nb3 Qxb3+ 22. e3 Be6 23. Kg3 Rad8 24. h3 Rd2 25. Rc1 f5 26. Qc4 f4+ 27.
Kh2 Bxc4 28. Bxc4+ Qxc4 29. Rxc4 Rxb2 30. Kg1 Rb1+ 31. Kh2 Rxh1+ 32. Kxh1 fxe3
33. fxe3 Kg7 34. Kh2 Kg6 35. Kg1 a5 36. e4 Na7 37. Ra4 b6 38. g3 Nc6 39. Rc4
Rf6 40. Kg2 b5 41. Rc5 b4 42. h4 gxh4 43. gxh4 b3 44. Rb5 44... Nb4 {
Hossa resigns} 0-1